<?xml version="1.0" encoding="UTF-8"?>
<record
    xmlns:xsi="http://www.w3.org/2001/XMLSchema-instance"
    xsi:schemaLocation="http://www.loc.gov/MARC21/slim http://www.loc.gov/standards/marcxml/schema/MARC21slim.xsd"
    xmlns="http://www.loc.gov/MARC21/slim">

  <leader>00714nam a22001817a 4500</leader>
  <controlfield tag="008">140116t       sp||||| |||| 00| 0 spa d</controlfield>
  <datafield tag="020" ind1=" " ind2=" ">
    <subfield code="a">8467001542</subfield>
  </datafield>
  <datafield tag="050" ind1="0" ind2="4">
    <subfield code="a">LB17</subfield>
    <subfield code="b">E63 2002</subfield>
  </datafield>
  <datafield tag="245" ind1="0" ind2="0">
    <subfield code="a">Enciclopedia de pedagog&#xED;a</subfield>
    <subfield code="c">coord., Jes&#xFA;s A. Beltr&#xE1;n Llera.</subfield>
  </datafield>
  <datafield tag="260" ind1=" " ind2=" ">
    <subfield code="a">Espa&#xF1;a :</subfield>
    <subfield code="b">Espasa,</subfield>
    <subfield code="c">2002</subfield>
  </datafield>
  <datafield tag="300" ind1=" " ind2=" ">
    <subfield code="a">5 v.</subfield>
    <subfield code="b">ils. ;</subfield>
    <subfield code="c">25 cm.</subfield>
  </datafield>
  <datafield tag="504" ind1=" " ind2=" ">
    <subfield code="a">Incluye bibliograf&#xED;as.</subfield>
  </datafield>
  <datafield tag="505" ind1=" " ind2=" ">
    <subfield code="a">v. 1. El alumno -- v. 2. El Profesor -- v. 3. El dise&#xF1;o curricular -- v. 4. El contexto educativo -- v. 5. Las ciencias de la educaci&#xF3;n.</subfield>
  </datafield>
  <datafield tag="650" ind1=" " ind2="4">
    <subfield code="a">Pedagog&#xED;a</subfield>
    <subfield code="v">Enciclopedias, diccionarios, etc.</subfield>
  </datafield>
  <datafield tag="650" ind1=" " ind2="4">
    <subfield code="a">Educaci&#xF3;n</subfield>
    <subfield code="v">Enciclopedias, diccionarios, etc.</subfield>
  </datafield>
  <datafield tag="700" ind1="1" ind2=" ">
    <subfield code="a">Beltr&#xE1;n Llera, Jes&#xFA;s A., coord.</subfield>
  </datafield>
  <datafield tag="942" ind1=" " ind2=" ">
    <subfield code="2">lcc</subfield>
    <subfield code="c">LIB</subfield>
  </datafield>
  <datafield tag="999" ind1=" " ind2=" ">
    <subfield code="c">47521</subfield>
    <subfield code="d">47521</subfield>
  </datafield>
  <datafield tag="952" ind1=" " ind2=" ">
    <subfield code="1">0</subfield>
    <subfield code="2">lcc</subfield>
    <subfield code="4">0</subfield>
    <subfield code="7">0</subfield>
    <subfield code="a">LIC-047</subfield>
    <subfield code="b">LIC-047</subfield>
    <subfield code="c">CONSULTA</subfield>
    <subfield code="d">2014-01-16</subfield>
    <subfield code="f">1a.ed.</subfield>
    <subfield code="h">BFP000009608</subfield>
    <subfield code="i">CS</subfield>
    <subfield code="k">CS</subfield>
    <subfield code="o">LB17 E63 2002</subfield>
    <subfield code="p">BFP000009608</subfield>
    <subfield code="r">2014-01-16 00:00:00</subfield>
    <subfield code="t">V:1</subfield>
    <subfield code="y">LIB</subfield>
  </datafield>
  <datafield tag="952" ind1=" " ind2=" ">
    <subfield code="1">0</subfield>
    <subfield code="2">lcc</subfield>
    <subfield code="4">0</subfield>
    <subfield code="7">0</subfield>
    <subfield code="a">LIC-047</subfield>
    <subfield code="b">LIC-047</subfield>
    <subfield code="c">CONSULTA</subfield>
    <subfield code="d">2014-01-16</subfield>
    <subfield code="f">1a.ed.</subfield>
    <subfield code="h">BFP000009609</subfield>
    <subfield code="i">CS</subfield>
    <subfield code="k">CS</subfield>
    <subfield code="o">LB17 E63 2002</subfield>
    <subfield code="p">BFP000009609</subfield>
    <subfield code="r">2014-01-16 00:00:00</subfield>
    <subfield code="t">V:2</subfield>
    <subfield code="y">LIB</subfield>
  </datafield>
  <datafield tag="952" ind1=" " ind2=" ">
    <subfield code="1">0</subfield>
    <subfield code="2">lcc</subfield>
    <subfield code="4">0</subfield>
    <subfield code="7">0</subfield>
    <subfield code="a">LIC-047</subfield>
    <subfield code="b">LIC-047</subfield>
    <subfield code="c">CONSULTA</subfield>
    <subfield code="d">2014-01-16</subfield>
    <subfield code="f">1a.ed.</subfield>
    <subfield code="h">BFP000009610</subfield>
    <subfield code="i">CS</subfield>
    <subfield code="k">CS</subfield>
    <subfield code="o">LB17 E63 2002</subfield>
    <subfield code="p">BFP000009610</subfield>
    <subfield code="r">2014-01-16 00:00:00</subfield>
    <subfield code="t">V:3</subfield>
    <subfield code="y">LIB</subfield>
  </datafield>
  <datafield tag="952" ind1=" " ind2=" ">
    <subfield code="1">0</subfield>
    <subfield code="2">lcc</subfield>
    <subfield code="4">0</subfield>
    <subfield code="7">0</subfield>
    <subfield code="a">LIC-047</subfield>
    <subfield code="b">LIC-047</subfield>
    <subfield code="c">CONSULTA</subfield>
    <subfield code="d">2014-01-16</subfield>
    <subfield code="f">1a.ed.</subfield>
    <subfield code="h">BFP000009611</subfield>
    <subfield code="i">CS</subfield>
    <subfield code="k">CS</subfield>
    <subfield code="o">LB17 E63 2002</subfield>
    <subfield code="p">BFP000009611</subfield>
    <subfield code="r">2014-01-16 00:00:00</subfield>
    <subfield code="t">V:4</subfield>
    <subfield code="y">LIB</subfield>
  </datafield>
  <datafield tag="952" ind1=" " ind2=" ">
    <subfield code="1">0</subfield>
    <subfield code="2">lcc</subfield>
    <subfield code="4">0</subfield>
    <subfield code="7">0</subfield>
    <subfield code="a">LIC-047</subfield>
    <subfield code="b">LIC-047</subfield>
    <subfield code="c">CONSULTA</subfield>
    <subfield code="d">2014-01-16</subfield>
    <subfield code="f">1a.ed.</subfield>
    <subfield code="h">BFP000009612</subfield>
    <subfield code="i">CS</subfield>
    <subfield code="k">CS</subfield>
    <subfield code="o">LB17 E63 2002</subfield>
    <subfield code="p">BFP000009612</subfield>
    <subfield code="r">2014-01-16 00:00:00</subfield>
    <subfield code="t">V:5</subfield>
    <subfield code="y">LIB</subfield>
  </datafield>
</record>
